Представление документа в формате RUSMARC

ПолеНазваниеЗначение
  Тип записи a
  Библиографический уровень m
001 Контрольный номер RU/IS/BASE/433956470
005 Дата корректировки 20240221165021.6
010 Индекс ISBN __
a ISBN 978-5-386-04711-5
d Цена 170-50
101 Язык документа 0_
a Язык текста rus
200 Заглавие и сведения об ответственности 1_
a Заглавие Практичная мебель для летней дачи
f Первые сведения об ответственности Серикова Г. А.
b Общее обозначение материала Текст
210 Выходные данные 1_
a Место издания М.
c Издательство РИПОЛ классик
d Дата издания 2012
215 Физическое описание __
a Объем 254, [2] с.
c Иллюстрации/тип воспроизводства ил.
225 Серия 2_
a Серия Четыре сезона
330 Аннотация __
a Аннотация Люди, у которых есть дача, в теплое время года проводят там большую часть свободного времени. Чтобы создать в загородном доме приятную атмосферу, необходимо позаботиться об обстановке, то есть приобрести необходимые вещи, например мебель. Ее можно купить или изготовить самостоятельно. В первом случае все просто: нужно выбрать подходящие предметы интерьера и договориться о доставке. Во втором случае вам потребуются элементарные навыки работы с древесиной и инструментами, а также желание создать что-то своими руками. В этой книге вы найдете необходимую информацию о том, как работать с древесиной, поэтапное описание технологии изготовления мебели для летней дачи и множество полезных рекомендаций.
606 Тематические рубрики __
a Основная рубрика Деревообрабатывающая промышленность
606 Тематические рубрики __
a Основная рубрика Производство мебели
610 Ключевые слова 0_
a Ключевые слова столярно-механическое производство; мебельное производство; мебель; садовая мебель; изготовление мебели; ручная обработка древесины; самодельная мебель; дачная мебель; столы; садовые столы; садовые кресла; кресла; строительные материалы; реставрация мебели; мебель для бани; технологии изготовления; плетеная мебель
686 Индексы других классификаций __
a Классификационный индекс 37.134.1
700 Автор _1
a Фамилия Серикова
b Имя Г. А.
g Полное личное имя Галина Алексеевна
4 Код отношения 070
801 Источник записи _0
a Страна RU
b Организация Муниципальное бюджетное учреждение культуры "Централизованная библиотечная система" г. Сургут (Центральная городская библиотека им. А. С. Пушкина)
g Правила каталогизации КиК/Лукашук
801 Источник записи _1
a Страна RU
b Организация Муниципальное бюджетное учреждение культуры "Централизованная библиотечная система" г. Сургут (Центральная городская библиотека им. А. С. Пушкина)
g Правила каталогизации КиК/Лукашук
852 Данные о местонахождении __
j Шифр хранения 37.134.1
i Авторский знак С 32
901 Тип документа __
t Тип документа m
903 Характеристики (МАРС) __
a Дата передачи 20131001
969 Тип издания __
a Тип издания практическое пособие
990 Данные о заказе (DOS) __
j Количество экземпляров (DOS) 2
t N записи в КСУ для И/У (DOS) 201310